MARC details
| 000 -CABECERA |
| campo de control de longitud fija |
01320nam a2200337 a 4500 |
| 001 - NÚMERO DE CONTROL |
| campo de control |
BRCA_6481 |
| 005 - FECHA Y HORA DE LA ÚLTIMA TRANSACCIÓN |
| campo de control |
20190320205456.0 |
| 008 - DATOS DE LONGITUD FIJA--INFORMACIÓN GENERAL |
| campo de control de longitud fija |
240911s1930----nyua######---#000-0#eng-# |
| 041 ## - CÓDIGO DE LENGUA |
| Código de lengua del texto/banda sonora o título independiente |
eng |
| 044 ## - CÓDIGO DEL PAÍS DE LA ENTIDAD EDITORA/PRODUCTORA |
| Código MARC del país |
nyu |
| 050 #4 - SIGNATURA TOPOGRÁFICA DE LA BIBLIOTECA DEL CONGRESO |
| Número de clasificación |
N620.H5 |
| Número de documento/Ítem |
.C65 1930 |
| 245 10 - MENCIÓN DE TÍTULO |
| Título |
The collection of the Hispanic Society of America |
| 260 ## - PUBLICACIÓN, DISTRIBUCIÓN, ETC. |
| Lugar de publicación, distribución, etc. |
Nueva York |
| Nombre del editor, distribuidor, etc. |
Hispanic Society of America |
| Fecha de publicación, distribución, etc. |
1930-1931 |
| 300 ## - DESCRIPCIÓN FÍSICA |
| Extensión |
3 v. |
| Otras características físicas |
il. |
| Dimensiones |
19 cm. |
| 500 ## - NOTA GENERAL |
| Nota general |
Es una collección de folletos encuadernados juntos (M77A, M77B y M77C) |
| 500 ## - NOTA GENERAL |
| Nota general |
M77A |
| 610 24 - PUNTO DE ACCESO ADICIONAL DE MATERIA--NOMBRE DE ENTIDAD CORPORATIVA |
| Nombre de entidad corporativa o nombre de jurisdicción como elemento de entrada |
Hispanic Society of America |
| 9 (RLIN) |
16186 |
| 650 14 - PUNTO DE ACCESO ADICIONAL DE MATERIA--TÉRMINO DE MATERIA |
| Término de materia o nombre geográfico como elemento de entrada |
Arte |
| Subdivisión de forma |
Coleccionistas y colecciones |
| 9 (RLIN) |
15108 |
| 650 14 - PUNTO DE ACCESO ADICIONAL DE MATERIA--TÉRMINO DE MATERIA |
| Término de materia o nombre geográfico como elemento de entrada |
Porcelana |
| Subdivisión de forma |
Coleccionistas y colecciones |
| 9 (RLIN) |
16187 |
| 650 14 - PUNTO DE ACCESO ADICIONAL DE MATERIA--TÉRMINO DE MATERIA |
| Término de materia o nombre geográfico como elemento de entrada |
Vidrio |
| Subdivisión de forma |
Coleccionistas y colecciones |
| 9 (RLIN) |
16188 |
| 650 14 - PUNTO DE ACCESO ADICIONAL DE MATERIA--TÉRMINO DE MATERIA |
| Término de materia o nombre geográfico como elemento de entrada |
Pintura |
| Subdivisión de forma |
Coleccionistas y colecciones |
| 9 (RLIN) |
16189 |
| 650 14 - PUNTO DE ACCESO ADICIONAL DE MATERIA--TÉRMINO DE MATERIA |
| Término de materia o nombre geográfico como elemento de entrada |
Encajes |
| Subdivisión de forma |
Coleccionistas y colecciones |
| 9 (RLIN) |
16190 |
| 650 14 - PUNTO DE ACCESO ADICIONAL DE MATERIA--TÉRMINO DE MATERIA |
| Término de materia o nombre geográfico como elemento de entrada |
Indumentaria |
| Subdivisión de forma |
Coleccionistas y colecciones |
| 9 (RLIN) |
16191 |
| 650 14 - PUNTO DE ACCESO ADICIONAL DE MATERIA--TÉRMINO DE MATERIA |
| Término de materia o nombre geográfico como elemento de entrada |
Joyería |
| Subdivisión de forma |
Coleccionistas y colecciones |
| 9 (RLIN) |
16192 |
| 650 14 - PUNTO DE ACCESO ADICIONAL DE MATERIA--TÉRMINO DE MATERIA |
| Término de materia o nombre geográfico como elemento de entrada |
Ilustración de libros |
| Subdivisión de forma |
Coleccionistas y colecciones |
| 9 (RLIN) |
16193 |
| 650 14 - PUNTO DE ACCESO ADICIONAL DE MATERIA--TÉRMINO DE MATERIA |
| Término de materia o nombre geográfico como elemento de entrada |
Libros ilustrados |
| Subdivisión de forma |
Coleccionistas y colecciones |
| Subdivisión cronológica |
Siglos XV-XVI |
| 9 (RLIN) |
16194 |
| 650 14 - PUNTO DE ACCESO ADICIONAL DE MATERIA--TÉRMINO DE MATERIA |
| Término de materia o nombre geográfico como elemento de entrada |
Galerias y Museos |
| Subdivisión geográfica |
Estados Unidos de Norteámerica |
| 9 (RLIN) |
16195 |
| 710 2# - PUNTO DE ACCESO ADICIONAL--NOMBRE DE ENTIDAD CORPORATIVA |
| Nombre de entidad corporativa o nombre de jurisdicción como elemento de entrada |
Hispanic Society of America |
| 9 (RLIN) |
16186 |
| 902 ## - CATALOGADOR |
| Iniciales |
GFM |
| 942 ## - ELEMENTOS DE PUNTO DE ACCESO ADICIONAL (KOHA) |
| Fuente del sistema de clasificación o colocación |
Library of Congress Classification |
| Tipo de ítem Koha |
Libros |